01642nam a2200361 i 4500003000900000005001700009007000300026008004100029020001800070040003000088041000800118082002600126100005100152245015300203264004300356300003900399336002700438337003400465338002800499490006400527500007000591504002600661590002700687650008400714650007100798651007300869700004300942700004800985910001401033942001401047952020201061999001701263DO-SdBNP20260604171422.0ta240422s2012 dr c 000 j spa d a9789945447859 aDO-SdBNPbspacBNPHUerda aspa a972.930542bM538a2221 aMéndez Batista, Nelson William922959eautor13aLa actuación de los sargentos de la jefatura de abril, 65 /cNelson William Méndez Batista, Guarionex Novas Rosario, Pedro José Lantigua Bravo 1aSanto Domingo :bUniversitaria,c2012. a270 páginas, bretratosc21 cm. 2rdacontentatextobtxt 2rdamediaasin mediación bn 2rdacarrieravolumenbnc aPublicaciones de la Universidad Autónoma de Santo Domingo aIncluye datos biografícos de los autores en la contraportadas.  aBibliografía p: 267 aInventariado, 2024/ YL 72armarcaSociología militarxHistoriaySiglo XXzRepública Dominicana989862 7aFuerzas armadasxHistoriaySiglo XXzRepública Dominicana989863 aRepública DominicanaxHistoriayRevolución de Abril, 19659897501 aNovas Rosario, Guarionexeautor9852961 aLantigua Bravo, Pedro José eautor985297 aYLockward 2ddccLBS1 00102ddc51708PDaBNPHUbBNPHUcCTd2023-03-01eDonación l0oBNPHU PD 972.930542 M538ap2024-2407r2024-04-22w2024-04-22yLBS1zPerteneció a la biblioteca personal de Emilio Cordero Michel c56471d56471